[Event "XI Open"]
[Site "Torredembarra ESP"]
[Date "2009.07.07"]
[Round "4"]
[White "Farran Martos,F"]
[Black "Vidarte Morales,A"]
[Result "1-0"]
[WhiteElo "2201"]
[BlackElo "2444"]

1.e4 c5 2.Nf3 e6 3.d4 cxd4 4.Nxd4 a6 5.Nc3 Qc7 6.Be3 b5 7.Qd2 Bb7 8.f3 Nf6
9.O-O-O Nc6 10.Nb3 d6 11.Kb1 Nd7 12.Bxb5 axb5 13.Nxb5 Qb8 14.Nxd6+ Bxd6 15.Qxd6 Qxd6
16.Rxd6 Nce5 17.Nc5 Nxc5 18.Bxc5 Rc8 19.Bb4 Nc4 20.Rd3 f6 21.Rhd1 Bc6 22.b3 Ne5
23.R3d2 Kf7 24.Bd6 Ng6 25.c4 e5 26.Kb2 Nf4 27.Kc3 Ne6 28.a4 Ra8 29.Ra1 Rhc8
30.a5 Ra6 31.Kb2 Be8 32.Bb4 Rb8 33.Rd6 Bc6 34.Bc3 Ke7 35.Rd2 Be8 36.Kc2 Rc8
37.Rad1 Raa8 38.Ra1 Rc6 39.Bb4+ Kf7 40.Kb2 Rb8 41.Bd6 Rb7 42.Rd5 Nd4 43.Ra3 Ne6
44.Kc3 Nf4 45.Rd2 Ke6 46.Bb4 g5 47.Rd8 Kf7 48.Ra8 Ne2+ 49.Kd2 Nd4 50.a6 Rxb4
51.a7 Rb7 52.Rb8 Rd7 53.a8=Q Rcd6 54.Rxe8 Nb5+ 55.Ke3 Rd3+ 56.Kf2 Nxa3 57.Rf8+  1-0

[Event "ch-SUI"]
[Site "Graechen SUI"]
[Date "2009.07.10"]
[Round "2"]
[White "Seps,M"]
[Black "Heinatz,T"]
[Result "0-1"]
[WhiteElo "2176"]
[BlackElo "2294"]

1.e4 c5 2.Nf3 e6 3.d4 cxd4 4.Nxd4 a6 5.Nc3 Qc7 6.Bd3 Bc5 7.Nb3 Be7 8.Qg4 g6
9.Qe2 d6 10.O-O Nd7 11.Kh1 b5 12.a4 b4 13.Na2 Ngf6 14.Bh6 Bb7 15.Nxb4 d5
16.exd5 Bxb4 17.dxe6 Ne5 18.f4 Nxd3 19.cxd3 fxe6 20.Qxe6+ Qe7 21.Qb6 Kf7
22.Na5 Bxa5 23.Qxa5 Rhe8 24.Rae1 Qd7 25.Bg5 Nd5 26.f5 gxf5 27.Qd2 Rxe1 28.Qxe1 Re8
29.Qh4 Kg8 30.Qh5 Qe6 31.h4 Bc6 32.Qd1 h6 33.Bd2 Qf6 34.Qh5 f4 35.b4 Re5
36.Qg4+ Kh7 37.Bxf4 Ne3 38.Qe2 Bxg2+  0-1

[Event "ch-SUI"]
[Site "Graechen SUI"]
[Date "2009.07.12"]
[Round "4"]
[White "Wendling,H"]
[Black "Heinatz,T"]
[Result "0-1"]
[WhiteElo "2198"]
[BlackElo "2294"]

1.e4 c5 2.Nf3 e6 3.d4 cxd4 4.Nxd4 a6 5.Nc3 b5 6.f4 b4 7.Na4 Bb7 8.Bd3 Nf6
9.Qe2 Be7 10.O-O d6 11.c4 O-O 12.b3 Nc6 13.Be3 Nd7 14.Nf3 Qc7 15.Rad1 a5
16.Qf2 Rad8 17.Qg3 Bf6 18.Qh3 e5 19.f5 Nd4 20.g4 h6 21.Nxd4 exd4 22.Bf4 Rfe8
23.Rde1 Be5 24.Bc1 f6 25.Qg2 Bc6 26.Nb2 Nc5 27.Qc2 Qb7 28.Nd1 Re7 29.Nf2 a4
30.Kg2 Ra8 31.h4 Qa6 32.Bd2 Rb7 33.Rb1 Qb6 34.Kf3 axb3 35.axb3 Rba7 36.Rb2 Ra3
37.Rfb1 Qb7 38.Be1 Bh2 39.Kg2 Bf4 40.Kf3 Be3  0-1

[Event "61st ch-MNE"]
[Site "Cetinje MNE"]
[Date "2009.07.13"]
[Round "4"]
[White "Krivokapic,M"]
[Black "Nikac,P"]
[Result "1-0"]
[WhiteElo "2416"]
[BlackElo "2361"]

1.e4 c5 2.Nf3 e6 3.d4 cxd4 4.Nxd4 a6 5.Nc3 Qc7 6.Bd3 Nc6 7.Nxc6 dxc6 8.O-O e5
9.Kh1 Nf6 10.f4 Bd6 11.Qe1 b5 12.a4 b4 13.Nd1 c5 14.Ne3 exf4 15.Nc4 Nh5 16.e5 Be7
17.Nd6+ Kf8 18.Qe4 Bxd6 19.exd6 Qa7 20.Qe5 Bg4 21.Qg5 Nf6 22.Bxf4 h6 23.Qh4 Be6
24.Rae1 Re8 25.Bg5 Nd5 26.Be7+ Kg8 27.Rxe6 fxe6 28.Qf2 Nf6 29.Bxf6 gxf6 30.Qxf6 Qg7
31.d7 Qxd7 32.Qg6+  1-0

[Event "KUTXA"]
[Site "Donostia ESP"]
[Date "2009.07.13"]
[Round "6"]
[White "Hamdouchi,H"]
[Black "Fernandes,Ant"]
[Result "0-1"]
[WhiteElo "2589"]
[BlackElo "2415"]

1.e4 c5 2.Nf3 e6 3.d4 cxd4 4.Nxd4 a6 5.Nc3 Qc7 6.Be2 Bc5 7.O-O Nf6 8.Qd3 Nc6
9.Nxc6 bxc6 10.Na4 Be7 11.c4 c5 12.f4 d6 13.Bf3 Rb8 14.b3 O-O 15.Bb2 Rd8
16.Rae1 Nd7 17.Bd1 Bf6 18.Nc3 Bd4+ 19.Kh1 Nf6 20.Qg3 Bb7 21.Bc2 Rd7 22.Bc1 Bc6
23.Bd2 Qb7 24.Rf3 Re8 25.Re2 e5 26.fxe5 Bxe5 27.Qh4 Rde7 28.Nd5 Re6 29.Bg5 Nd7
30.Ne7+ R6xe7 31.Bxe7 f6 32.Rh3 h6 33.Qg4 Kf7 34.Rg3 Bxg3 35.e5 Nxe5 36.Bg6+ Kxe7
37.Bxe8 Bxg2+ 38.Kg1 Bf3 39.Qxg7+ Kxe8 40.Qg8+ Kd7 41.Rd2 Bf4 42.Qg7+ Kc6
43.Rxd6+ Kxd6 44.Qxf6+ Kd7 45.Qxf4 Qe4  0-1

[Event "KUTXA"]
[Site "Donostia ESP"]
[Date "2009.07.13"]
[Round "6"]
[White "Hamdouchi,H"]
[Black "Fernandes,Ant"]
[Result "0-1"]
[WhiteElo "2589"]
[BlackElo "2415"]

1.e4 c5 2.Nf3 e6 3.d4 cxd4 4.Nxd4 a6 5.Nc3 Qc7 6.Be2 Bc5 7.O-O Nf6 8.Qd3 Nc6
9.Nxc6 bxc6 10.Na4 Be7 11.c4 c5 12.f4 d6 13.Bf3 Rb8 14.b3 O-O 15.Bb2 Rd8
16.Rae1 Nd7 17.Bd1 Bf6 18.Nc3 Bd4+ 19.Kh1 Nf6 20.Qg3 Bb7 21.Bc2 Rd7 22.Bc1 Bc6
23.Bd2 Qb7 24.Rf3 Re8 25.Re2 e5 26.fxe5 Bxe5 27.Qh4 Rde7 28.Nd5 Re6 29.Bg5 Nd7
30.Ne7+ R6xe7 31.Bxe7 f6 32.Rh3 h6 33.Qg4 Kf7 34.Rg3 Bxg3 35.e5 Nxe5 36.Bg6+ Kxe7
37.Bxe8 Bxg2+ 38.Kg1 Bf3  0-1

[Event "Open"]
[Site "Condom FRA"]
[Date "2009.07.14"]
[Round "5"]
[White "Simon,O"]
[Black "Iwanesko,A"]
[Result "1-0"]
[WhiteElo "2322"]
[BlackElo "2101"]

1.e4 c5 2.Nf3 e6 3.Nc3 a6 4.d4 cxd4 5.Nxd4 Qc7 6.Bd3 Nf6 7.Qe2 d6 8.f4 Nbd7
9.g4 Nc5 10.g5 Nfd7 11.Bd2 Be7 12.h4 b5 13.b4 Nxd3+ 14.cxd3 Bb7 15.Rc1 Qb6
16.Be3 Qd8 17.a3 O-O 18.h5 e5 19.Nf3 exf4 20.Bxf4 Ne5 21.Rg1 Nxf3+ 22.Qxf3 f5
23.Qe3 fxe4 24.dxe4 Qe8 25.h6 Qg6 26.hxg7 Rfe8 27.Rh1 Bxg5 28.Bxg5 Bxe4 29.Rh6 Qf5
30.Rf6  1-0

[Event "6th South Wales Int"]
[Site "Treforest WLS"]
[Date "2009.07.14"]
[Round "6"]
[White "Brown,Mart"]
[Black "Miezis,N"]
[Result "0-1"]
[WhiteElo "2074"]
[BlackElo "2572"]

1.e4 c5 2.Nf3 e6 3.d4 cxd4 4.Nxd4 a6 5.Nc3 Qc7 6.Be2 b5 7.f4 Bb7 8.Bf3 b4
9.Nce2 Nf6 10.e5 Nd5 11.O-O d6 12.exd6 Bxd6 13.Kh1 Be7 14.f5 e5 15.Nb5 axb5
16.Bxd5 Nd7 17.Bxb7 Qxb7 18.Ng3 O-O 19.Nh5 Nf6 20.Nxf6+ Bxf6 21.Qg4 Rfc8
22.Bg5 Rc4 23.Qg3 Bxg5 24.Qxg5 f6 25.Qd2 Qc6 26.Rf2 h6 27.h3 Kh7 28.Qd1 Rc8
29.Rc1 Qe4 30.Qh5 Qe3 31.Rcf1 Qg3 32.Qd1 e4 33.b3 Rc3 34.Re2 Qe5 35.Qd2 e3
36.Qc1 Ra8 37.Qb1 Rd8 38.Qc1 Rd4 39.Rfe1 Re4 40.Rf1 Qd5 41.Rfe1 Rd4 42.Rxe3 Rd2
43.R3e2 Rxh3+ 44.Kg1 Qd4+  0-1

[Event "32nd Aegean Open"]
[Site "Aghios Kirykos GRE"]
[Date "2009.07.15"]
[Round "5"]
[White "Vorobiov,E"]
[Black "Markus,Rob"]
[Result "1/2-1/2"]
[WhiteElo "2598"]
[BlackElo "2587"]

1.e4 c5 2.Nf3 e6 3.d4 cxd4 4.Nxd4 a6 5.Nc3 b5 6.Bd3 Bb7 7.O-O Nc6 8.Nxc6 Bxc6
9.Bf4 b4 10.Ne2 Bc5 11.c3 bxc3 12.Nxc3 Ne7 13.Rc1 O-O 14.Qh5 Ng6 15.Bg3 Qa5
16.Kh1 e5 17.Qf5 Bd4 18.f4 Bxc3 19.Rxc3 Qxa2 20.fxe5 Qxb2 21.Rxc6 dxc6 22.Bc4 Kh8
23.Bxf7 Rxf7 24.Qxf7 Qb4 25.Qd7 Rf8 26.Rd1 Qxe4 27.h3 h5 28.Re1 Qd5 29.e6 Kh7
30.Rd1 Qe4 31.Re1 Qd5 32.Rd1 Qe4  1/2-1/2

[Event "Corporation Centre Cup"]
[Site "Izhevsk RUS"]
[Date "2009.07.15"]
[Round "1"]
[White "Smirnov,Alexey"]
[Black "Kotchnev,A"]
[Result "1-0"]
[WhiteElo "2415"]
[BlackElo "2103"]

1.e4 c5 2.Nf3 e6 3.d4 cxd4 4.Nxd4 a6 5.Nc3 Qc7 6.Be2 b5 7.O-O Bb7 8.Bf3 d6
9.a4 bxa4 10.Re1 Nd7 11.Rxa4 Be7 12.Bh5 g6 13.Bg4 h5 14.Bxe6 fxe6 15.Nxe6 Qc6
16.Rd4 Kf7 17.Ng5+ Kg7 18.Nd5 Bxg5 19.Bxg5 Ne5 20.Re3 Rc8 21.Rc3 Qe8 22.Nc7 Qf7
23.Rxd6 Rxc7 24.Rxc7 Qxc7 25.Qd4 Bc8 26.Bf4 Qxc2 27.Bxe5+  1-0

[Event "Open"]
[Site "Rethymno GRE"]
[Date "2009.07.15"]
[Round "5"]
[White "Hristodoulou,P"]
[Black "Brinck Claussen,B"]
[Result "0-1"]
[WhiteElo "2125"]
[BlackElo "2314"]

1.e4 c5 2.Nf3 e6 3.d4 cxd4 4.Nxd4 a6 5.Nc3 Qc7 6.Bd3 Nf6 7.O-O Bc5 8.Nb3 Be7
9.f4 d6 10.Qf3 Nbd7 11.Bd2 b5 12.a4 b4 13.Ne2 Bb7 14.Ned4 Nc5 15.Rfe1 O-O
16.Bxb4 Nxb3 17.cxb3 Qb6 18.Bc3 e5 19.a5 Qc5 20.b4 Qa7 21.Qf2 Ng4  0-1

[Event "Open"]
[Site "Condom FRA"]
[Date "2009.07.16"]
[Round "7"]
[White "Bressac,S"]
[Black "Bujisho,B"]
[Result "0-1"]
[WhiteElo "2184"]
[BlackElo "2404"]

1.e4 c5 2.Nf3 e6 3.d4 cxd4 4.Nxd4 a6 5.Nc3 Qc7 6.g3 Nc6 7.Bg2 Bc5 8.Nde2 b5
9.O-O Bb7 10.Kh1 h5 11.h3 Nf6 12.a4 b4 13.Nb1 Ne5 14.Nd2 h4 15.g4 Nfxg4 16.hxg4 Nxg4
17.Nf3 h3 18.Bf4 hxg2+ 19.Kxg2 e5 20.Rh1 O-O-O 21.Rxh8 Rxh8 22.Bg3 Bxe4 23.Ng1 f5
24.Qe2 Qc6 25.Kf1 Rh1 26.Qc4 Bxf3  0-1

[Event "TCh Eur-Youth U18"]
[Site "Pardubice CZE"]
[Date "2009.07.16"]
[Round "1"]
[White "Halvax,G"]
[Black "Druska,J"]
[Result "1-0"]
[WhiteElo "2260"]
[BlackElo "2122"]

1.e4 c5 2.Nf3 e6 3.d4 cxd4 4.Nxd4 a6 5.Nc3 Qc7 6.Bd3 Bc5 7.Nb3 Be7 8.Qg4 Bf6
9.Bd2 Nc6 10.f4 d6 11.O-O-O b5 12.Qf3 b4 13.Ne2 Nge7 14.g4 g6 15.g5 Bg7 16.h4 a5
17.Kb1 a4 18.Nbc1 b3 19.cxb3 axb3 20.Nxb3 Qa7 21.Nec1 Bb7 22.h5 Rg8 23.Rhe1 Qb6
24.Qe2 Nd4 25.Qf2 Nec6 26.hxg6 hxg6 27.f5 e5 28.Bc4 Rf8 29.f6 Bh8 30.Bc3 Ra4
31.Bd5 Qa7 32.Nxd4 exd4 33.Bxc6+ Bxc6 34.Bxd4 Qb7 35.Qf4 Kd8 36.Qxd6+  1-0

[Event "ch-PUR"]
[Site "Caguas PUR"]
[Date "2009.07.17"]
[Round "4"]
[White "Vazquez Reyes,R"]
[Black "Berrios Echevarria,G"]
[Result "0-1"]
[WhiteElo "2147"]
[BlackElo "2161"]

1.e4 c5 2.Nf3 e6 3.d4 cxd4 4.Nxd4 a6 5.Nc3 Qc7 6.g3 Nf6 7.Bg2 Be7 8.O-O O-O
9.a4 d6 10.f4 Nc6 11.Nb3 b6 12.Be3 Bb7 13.g4 Nb4 14.g5 Nd7 15.Rf3 Rfe8 16.Rh3 g6
17.Rc1 Bf8 18.Qg4 Bg7 19.Qh4 Nf8 20.f5 exf5 21.exf5 Bxg2 22.Kxg2 Qb7+ 23.Kf2 Bxc3
24.bxc3 Nd5 25.Bd4 Ne7 26.Rf3 Nxf5 27.Rxf5 gxf5 28.g6 Nxg6 29.Qf6 Re5 30.Re1 Rae8
31.h4 Qe7 32.Bxe5 dxe5 33.Qxe7 Rxe7 34.h5 Nf4 35.Nd4 Nxh5 36.Nxf5 Re6 37.Rd1 Nf6
38.Rd8+ Re8 39.Rd6  0-1

[Event "12th Open"]
[Site "Malaga ESP"]
[Date "2009.07.18"]
[Round "9"]
[White "Pascual Palomo,L"]
[Black "Bellon Lopez,JuM"]
[Result "0-1"]
[WhiteElo "2116"]
[BlackElo "2445"]

1.e4 c5 2.Nf3 e6 3.d4 cxd4 4.Nxd4 a6 5.Nc3 b5 6.g3 Bb7 7.Bg2 Nf6 8.Qd3 d6
9.O-O Nbd7 10.a3 Qc7 11.b3 Rc8 12.Bb2 Be7 13.Rac1 O-O 14.Rfe1 Qb6 15.Rcd1 Rc7
16.Kh1 Rfc8 17.Rd2 Ne5 18.Qe3 Nfg4 19.Qe2 Rxc3 20.Bxc3 Rxc3 21.f4 Re3 22.Qf1 Nc6
23.Nf3 Rxe1 24.Qxe1 h6 25.h3 Nf6 26.f5 Qc5 27.fxe6 fxe6 28.b4 Qh5 29.Qe3 Ne5
30.Nxe5 Qxe5 31.Re2 Nh5 32.Kg1 Nxg3 33.Re1 Bf6 34.Bf3 Nf5 35.Qd2 Qg3+ 36.Bg2 Bd4+
37.Kh1 Bc3  0-1

[Event "TCh Eur-Youth U18"]
[Site "Pardubice CZE"]
[Date "2009.07.18"]
[Round "3"]
[White "Abdulla,K"]
[Black "Pecha,T"]
[Result "1/2-1/2"]
[WhiteElo "2113"]
[BlackElo "2213"]

1.e4 c5 2.Nf3 e6 3.d4 cxd4 4.Nxd4 a6 5.Nc3 Qc7 6.Bd3 Nf6 7.O-O Bc5 8.Nb3 Be7
9.Be3 Nc6 10.f4 d6 11.Qf3 Rb8 12.a4 b6 13.Qg3 g6 14.Kh1 Bb7 15.Rae1 h5 16.e5 h4
17.Qh3 Nd7 18.exd6 Qxd6 19.Bg1 f5 20.Bc4 Nd8 21.Nd4 Nc5 22.Nf3 Qxf4 23.Bxc5 bxc5
24.Bxe6 Nxe6 25.Rxe6 g5 26.Ne2 Qg4 27.Qxg4 fxg4 28.Nxg5 h3 29.Nf4 O-O 30.Rg6+ Kh8
31.Rh6+ Kg7 32.Rg6+  1/2-1/2

[Event "TCh Eur-Youth U18"]
[Site "Pardubice CZE"]
[Date "2009.07.18"]
[Round "3"]
[White "Petras,Ma1"]
[Black "Topak,E"]
[Result "0-1"]
[WhiteElo "1797"]
[BlackElo "2005"]

1.e4 c5 2.Nf3 e6 3.d4 cxd4 4.Nxd4 a6 5.Nc3 Qc7 6.a3 Nf6 7.Be3 Nc6 8.f4 d6
9.Bd3 Be7 10.O-O O-O 11.Qf3 Kh8 12.h3 Na5 13.Rad1 Nc4 14.Bxc4 Qxc4 15.Kh1 Qc7
16.Bg1 Nd7 17.f5 Ne5 18.Qg3 Bd7 19.b3 Bf6 20.Nde2 Rac8 21.Bd4 Bc6 22.Rd2 Qe7
23.Nf4 Bh4 24.Qe3 Bg5 25.Qf2 b5 26.Rdd1 Bb7 27.Nd3 Nxd3 28.Rxd3 exf5 29.exf5 f6
30.Re1 Qc7 31.Re6 Rfe8 32.Bb6 Qf7 33.Rexd6 Qh5 34.Kh2 Bh4 35.Qf4 Bg5 36.Qf1 Qh6
37.R6d4 Be3 38.Rd7 Bf4+ 39.Kh1 Bc6 40.Ra7 Re3 41.Rxe3 Bxe3 42.Bxe3 Qxh3+
43.Kg1 Qxe3+ 44.Qf2 Qxc3 45.Rxa6 Re8 46.Kh2 h6 47.Ra7 Be4 48.Qf4 Bxc2 49.Qg4 Qc5
50.Kh1  0-1

[Event "Najdorf Mem Open"]
[Site "Warsaw POL"]
[Date "2009.07.18"]
[Round "1"]
[White "Krzywda,A"]
[Black "Cyborowski,L"]
[Result "1-0"]
[WhiteElo "2148"]
[BlackElo "2498"]

1.e4 c5 2.Nf3 e6 3.d4 cxd4 4.Nxd4 a6 5.Nc3 b5 6.Be2 Bb7 7.Bf3 Qc7 8.O-O b4
9.Na4 Bd6 10.g3 Nf6 11.Re1 Nc6 12.Bg2 O-O 13.Be3 Ne5 14.f3 Be7 15.Bf4 d6
16.Qd2 Ng6 17.Bg5 Qa5 18.Bxf6 Bxf6 19.b3 d5 20.a3 dxe4 21.axb4 Qd5 22.Rad1 Rad8
23.Rxe4 Qd6 24.Rg4 h5 25.Rxg6 fxg6 26.c3 e5 27.f4 exd4 28.Bxb7 Qe7 29.Nc5 dxc3
30.Bd5+ Kh8 31.Qd3 Rxd5 32.Qxd5 c2 33.Rf1 Qe3+  1-0

[Event "13th Battle of Senta Open A"]
[Site "Senta SRB"]
[Date "2009.07.19"]
[Round "2"]
[White "Todorovic,GM"]
[Black "Toth,Sar"]
[Result "1-0"]
[WhiteElo "2458"]
[BlackElo "2236"]

1.e4 c5 2.Nf3 e6 3.d4 cxd4 4.Nxd4 a6 5.Nc3 b5 6.Bd3 Qb6 7.Nb3 Qc7 8.O-O Bb7
9.Qe2 b4 10.Nd1 Nf6 11.f4 a5 12.Nf2 Nc6 13.Be3 d6 14.c4 Be7 15.c5 d5 16.e5 Nd7
17.Rac1 a4 18.Nd4 Nxd4 19.Bxd4 Ra5 20.f5 Nxc5 21.fxe6 fxe6 22.Bb5+ Kd8 23.Nh3 Qb6
24.Bd3 Bc8 25.Rf7 Qb8 26.Rxe7 Nxd3 27.Rcc7 Nc5 28.Rxc5  1-0

[Event "Najdorf Mem Open"]
[Site "Warsaw POL"]
[Date "2009.07.19"]
[Round "2"]
[White "Sowul,B"]
[Black "Stoma,P"]
[Result "0-1"]
[WhiteElo "2081"]
[BlackElo "2298"]

1.e4 c5 2.Nf3 e6 3.d4 cxd4 4.Nxd4 a6 5.Nc3 Qc7 6.Bd3 Bc5 7.Nb3 Be7 8.O-O Nf6
9.f4 d6 10.a4 b6 11.e5 Nfd7 12.exd6 Bxd6 13.Ne4 Be7 14.f5 e5 15.Qg4 g6 16.Qf3 f6
17.Bh6 Rg8 18.fxg6 hxg6 19.Ng5 Bb7 20.Bxg6+ Rxg6 21.Qh5 Qxc2 22.Rf2 Qxb3
23.Qxg6+ Kd8 24.Nf7+ Kc7 25.Rc2+ Bc5+ 26.Kh1 Bd5 27.Nh8 Nc6 28.Bg7 Rg8 29.Rd2 Bf8
30.Rad1 Rxg7 31.Rxd5 Rxg6 32.Rxd7+ Kc8 33.Nxg6 Nd4  0-1

[Event "Najdorf Mem Open"]
[Site "Warsaw POL"]
[Date "2009.07.19"]
[Round "2"]
[White "Malec,S"]
[Black "Marszalek,Mac"]
[Result "1-0"]
[WhiteElo "2041"]
[BlackElo "2395"]

1.e4 c5 2.Nf3 e6 3.d4 cxd4 4.Nxd4 a6 5.Nc3 Qc7 6.Bd3 Nf6 7.O-O b5 8.Qe2 Bb7
9.Kh1 Bc5 10.Nb3 Be7 11.f4 d6 12.a4 b4 13.Na2 Nc6 14.c3 bxc3 15.Nxc3 O-O
16.Be3 Nb4 17.Bb1 a5 18.Nd4 Rfc8 19.h3 Qc4 20.Qf2 Ba6 21.Ncb5 Nd3 22.Qf3 Nxb2
23.Ba2 Qd3 24.e5 Ne8 25.Bb1 Qc4 26.Rc1 Qxc1+ 27.Bxc1 Rxc1+ 28.Kh2 Rac8 29.Qa3 Rxb1
30.Rxb1 Nc4 31.Qg3 dxe5 32.fxe5 Nd2 33.Rd1 Ne4 34.Qe3 Bb7 35.Nf3 Bc5 36.Qf4 Bf2
37.Rd7 Bg3+ 38.Qxg3 Nxg3 39.Rxb7 Ne4 40.Ra7 h6 41.Rxa5 Nc7 42.Nd6 Nxd6 43.exd6 Nd5
44.d7 Rd8 45.Ra7 Kf8 46.Ne5 Nb4 47.Rb7 f6 48.Ng6+ Kf7 49.Rxb4  1-0

[Event "4th Summer Cup"]
[Site "Porto Carras GRE"]
[Date "2009.07.20"]
[Round "4"]
[White "Koroteeva,K"]
[Black "Naslund,M"]
[Result "0-1"]
[WhiteElo "1970"]
[BlackElo "2170"]

1.e4 c5 2.Nf3 e6 3.d4 cxd4 4.Nxd4 a6 5.Nc3 b5 6.Bd3 Qb6 7.Nb3 Qc7 8.Be3 Nf6
9.O-O Bb7 10.f3 d6 11.a4 b4 12.Ne2 Be7 13.c3 Nc6 14.Rc1 Qb8 15.Qd2 bxc3 16.Nxc3 O-O
17.Nd4 Rc8 18.Nce2 Ne5 19.b4 Nxd3 20.Qxd3 d5 21.Rxc8+ Qxc8 22.Rc1 Qd8 23.exd5 Nxd5
24.b5 axb5 25.axb5 Ra3 26.Nc3 Nxe3 27.Qxe3 Bc5 28.Rd1 Ra1  0-1

[Event "XXVII Andorra Open"]
[Site "Arinsal AND"]
[Date "2009.07.21"]
[Round "4"]
[White "Brunello,S"]
[Black "Schneider,Ve"]
[Result "1-0"]
[WhiteElo "2547"]
[BlackElo "2301"]

1.e4 c5 2.Nf3 e6 3.d4 cxd4 4.Nxd4 a6 5.Nc3 Qc7 6.Bd3 Nf6 7.O-O Bc5 8.Nb3 Be7
9.f4 d6 10.a4 Nc6 11.Be3 b6 12.Qf3 Bb7 13.Rae1 h5 14.Qf2 Bd8 15.Bd2 Ng4 16.Qg3 g6
17.Nd1 Be7 18.Bc3 Rg8 19.Ne3 Nxe3 20.Qxe3 O-O-O 21.Qe2 a5 22.Bd2 Kb8 23.Be3 Rdf8
24.Qf2 Bd8 25.Nd2 Ne7 26.b4 f5 27.bxa5 bxa5 28.Rb1 Nc6 29.Bb6 Qe7 30.Bxd8 Qxd8
31.Bb5 Kc8 32.Nc4 Rf7 33.Rfd1 Rd7 34.e5 d5 35.Nb6+ Kc7 36.Qc5 Qe7 37.Nxd7 Qxd7
38.Bxc6  1-0

[Event "Corporation Centre Cup"]
[Site "Izhevsk RUS"]
[Date "2009.07.21"]
[Round "7"]
[White "Makarenko,A"]
[Black "Kotchnev,A"]
[Result "0-1"]
[WhiteElo "1970"]
[BlackElo "2103"]

1.e4 c5 2.Nf3 e6 3.d4 cxd4 4.Nxd4 a6 5.Nc3 Qc7 6.Be2 Nf6 7.O-O Be7 8.Be3 b5
9.a3 Bb7 10.Qd3 d6 11.f4 Nbd7 12.b4 Rc8 13.Bd2 Nb6 14.Bf3 Nc4 15.Be1 O-O
16.g4 Rfd8 17.g5 Nd7 18.h4 Nde5 19.fxe5 dxe5 20.Ndxb5 axb5 21.Qe2 Qb6+ 22.Qf2 Qxf2+
23.Rxf2 Bc6 24.Bh5 g6 25.Be2 Rd4 26.Bd3 Be8 27.Ne2 Rdd8 28.Bc3 Bd6 29.Rh2 Bb8
30.h5 Ba7+ 31.Kg2 Bd4 32.hxg6 hxg6 33.Rah1 Kf8 34.Bxd4 exd4 35.Bxc4 Rxc4
36.Rc1 e5 37.Rh3 Ke7 38.Rd3 Bc6 39.Kf3 Rh8 40.Ng3 Rh4 41.Rb3 Rf4+ 42.Kg2 Bxe4+
43.Nxe4 Rxe4 44.Kf3 Rf4+ 45.Kg3 Rf5 46.Rd3 e4 47.Re1 Rxg5+ 48.Kf4 Rf5+ 49.Kg4 Re5
50.Rd2 Ke6 51.Rf2 d3 52.Rh2 Rxc2 53.Rxc2 dxc2 54.Kf4 e3 55.Kf3 e2 56.Kf2 Kd5  0-1

[Event "Quebec Open"]
[Site "Montreal CAN"]
[Date "2009.07.21"]
[Round "5"]
[White "Mitkov,N1"]
[Black "Castellanos Rodriguez,R"]
[Result "1/2-1/2"]
[WhiteElo "2526"]
[BlackElo "2453"]

1.e4 c5 2.Nc3 e6 3.Nf3 a6 4.d4 cxd4 5.Nxd4 Qc7 6.Bd3 Nf6 7.O-O d6 8.Kh1 Nbd7
9.Qe1 Be7 10.Bd2 O-O 11.f4 b5 12.a4 b4 13.Nd1 a5 14.Nb5 Qb8 15.Qg3 Bb7 16.Nf2 Nc5
17.Rae1 Nxd3 18.cxd3 Qd8 19.Nd4 Kh8 20.Nh3 h6 21.Nf2 Rc8 22.Qh3 Ng8 23.Ng4 Nf6
24.f5 Nxg4 25.Qxg4 Bf6 26.Nf3 exf5 27.Qxf5 Rc5 28.Qh3 Qc8 29.Qg3 Rc2 30.Bf4 Re8
31.Bxd6 Qe6 32.e5 Bd8 33.Rf2 Rxf2 34.Qxf2 Qd7 35.Qd4 Qc6 36.Qc4 Qd7 37.Rf1 Bb6
38.Qf4 Rc8 39.Qg3 Rc2 40.Bf8 f6 41.exf6 gxf6 42.Qg6 Bd4 43.Bxh6 Qh7 44.Qe8+ Qg8
45.Qxg8+ Kxg8 46.Rc1 Rxb2 47.Nxd4 Rxg2 48.Nc6 Rg6 49.d4 Bxc6+ 50.Rxc6 Rxh6
51.Rc8+  1/2-1/2

[Event "2nd Open"]
[Site "Paleohora GRE"]
[Date "2009.07.21"]
[Round "1"]
[White "Vorobiov,E"]
[Black "Fragaki,M"]
[Result "1-0"]
[WhiteElo "2598"]
[BlackElo "1852"]

1.e4 c5 2.Nf3 e6 3.Nc3 a6 4.d4 cxd4 5.Nxd4 Qc7 6.Bd3 Nf6 7.O-O b5 8.Qe2 d6
9.a4 b4 10.Na2 e5 11.Nf5 Nc6 12.Bg5 Bxf5 13.exf5 Nd7 14.c3 f6 15.Be3 d5 16.Bxa6 b3
17.Nc1 Ne7 18.Qh5+ Kd8 19.Bb5 Nc8 20.Nxb3 Nd6 21.Rad1 Nxb5 22.axb5 Qb7 23.Qf7  1-0

[Event "XXVII Andorra Open"]
[Site "Arinsal AND"]
[Date "2009.07.22"]
[Round "5"]
[White "Meera,S"]
[Black "Kogan,Ar"]
[Result "0-1"]
[WhiteElo "2148"]
[BlackElo "2542"]

1.e4 c5 2.Nc3 a6 3.Nf3 e6 4.d4 cxd4 5.Nxd4 Qc7 6.Be3 b5 7.Qd2 Nf6 8.f3 Bb4
9.a3 Be7 10.Bf4 e5 11.Bg3 d6 12.Nf5 Bxf5 13.exf5 Nbd7 14.Bh4 Rd8 15.Bxf6 Nxf6
16.a4 b4 17.Nd5 Nxd5 18.Qxd5 Qxc2 19.Bc4 O-O 20.O-O Bg5 21.b3 Be3+ 22.Kh1 Qxf5
23.f4 Qc8 24.fxe5 dxe5 25.Qxe5 Bd4 26.Qe7 Bxa1 27.Rxa1 a5 28.Rf1 Kh8 29.h3 f6
30.Qe2 Qc5 31.Qg4 Rfe8  0-1

[Event "32nd Taminco Open"]
[Site "Ghent BEL"]
[Date "2009.07.22"]
[Round "9"]
[White "Roos,Ad"]
[Black "Maes,W"]
[Result "0-1"]
[WhiteElo "2060"]
[BlackElo "2304"]

1.e4 c5 2.Nf3 e6 3.d4 cxd4 4.Nxd4 a6 5.Nc3 Qc7 6.Bd3 Bc5 7.Nb3 Be7 8.Qg4 g6
9.Bf4 d6 10.O-O-O e5 11.Nd5 Qd8 12.Qe2 exf4 13.e5 Be6 14.Nxe7 Qxe7 15.exd6 Qg5
16.f3 Nc6 17.h4 Qe5 18.d7+ Ke7 19.Qf1 Nf6 20.Re1 Qd6 21.g4 Rhd8 22.Qf2 Nxd7
23.h5 Rac8  0-1

[Event "Synthesia Rapid Open"]
[Site "Pardubice CZE"]
[Date "2009.07.22"]
[Round "1"]
[White "Mordechai,H"]
[Black "Schlosser,P"]
[Result "0-1"]
[WhiteElo "2263"]
[BlackElo "2560"]

1.e4 c5 2.Nf3 e6 3.Nc3 a6 4.d4 cxd4 5.Nxd4 b5 6.Bd3 d6 7.f4 Nf6 8.Qf3 Bb7
9.g4 g6 10.Be3 Bg7 11.g5 Nfd7 12.O-O-O b4 13.Nce2 Nc5 14.Kb1 Nbd7 15.h4 Qc7
16.h5 O-O-O 17.h6 Bf8 18.Nb3 Kb8 19.Rhe1 Rc8 20.Bd4 Rg8 21.Qe3 Be7 22.Bxc5 Nxc5
23.Nxc5 Qxc5 24.Qg3 Ka7 25.Nc1 Qb6 26.Nb3 Rc7 27.Qe3 Qxe3 28.Rxe3 e5 29.fxe5 dxe5
30.Rg3 Rf8 31.Na5 f6 32.Nxb7 Kxb7 33.gxf6 Rxf6 34.b3 Bc5 35.Bc4 Bd4 36.Rh3 Kb6
37.Rhh1 a5 38.Rdf1 Rf4 39.Kc1 g5 40.Kd2 g4 41.Ke2 Rxe4+ 42.Kd3 Re3+ 43.Kd2 g3
44.Rhg1 Rc3 45.Rf6+ Rc6 46.Rxc6+ Kxc6 47.Rg2 Be3+ 48.Ke2 Bxh6 49.Bd3 Bf4
50.Bxh7 Kd5 51.Kd1 Kd4 52.Re2 Be3 53.Rg2 Bf2 54.Kd2 e4 55.Kd1 Ke3 56.Bg6 Kf3  0-1

[Event "Najdorf Mem Open"]
[Site "Warsaw POL"]
[Date "2009.07.22"]
[Round "5"]
[White "Ciechonski,P"]
[Black "Gasik,An"]
[Result "0-1"]
[WhiteElo "2122"]
[BlackElo "2216"]

1.e4 c5 2.Nf3 e6 3.d4 cxd4 4.Nxd4 a6 5.Nc3 Qc7 6.Be2 Nf6 7.O-O b5 8.a3 Bb7
9.Qd3 Be7 10.Kh1 d6 11.f4 Nbd7 12.Bf3 O-O 13.Bd2 Rfe8 14.Rae1 Bf8 15.g4 d5
16.e5 Nc5 17.Qe2 Nfe4 18.Nxe4 Nxe4 19.Bxe4 dxe4 20.Bb4 Bxb4 21.axb4 Red8
22.c3 e3+ 23.Kg1 Rxd4 24.cxd4 Qc6 25.Rf3 Qxf3 26.Qxf3 Bxf3 27.h3 Rc8 28.Rxe3 Bb7
29.Rc3 Rxc3 30.bxc3 f6 31.Kf2 Kf7 32.Ke3 f5 33.gxf5 exf5 34.Kf2 Ke6 35.Kg3 Kd5
36.Kh4 Bc8 37.Kg5 Be6 38.h4 Ke4 39.h5 h6+ 40.Kg6 Kxf4 41.Kxg7 Kg5 42.Kf8 f4
43.Ke7 Bc4 44.Kd6 f3 45.d5 f2 46.e6 f1=Q 47.e7 Qf7  0-1

[Event "XXVII Andorra Open"]
[Site "Arinsal AND"]
[Date "2009.07.23"]
[Round "6"]
[White "Bok,B"]
[Black "Siebrecht,S"]
[Result "0-1"]
[WhiteElo "2360"]
[BlackElo "2458"]

1.e4 c5 2.Nf3 e6 3.d4 cxd4 4.Nxd4 a6 5.Nc3 b5 6.Bd3 Bb7 7.O-O Nc6 8.Nxc6 Bxc6
9.Qe2 Nf6 10.e5 Ng8 11.a4 b4 12.Ne4 Qa5 13.Bf4 f5 14.exf6 Nxf6 15.Nxf6+ gxf6
16.Be4 Rc8 17.Rfd1 Be7 18.Rd2 Bxe4 19.Qxe4 Rc6 20.Rad1 d5 21.Qf3 h5 22.Qh3 Qxa4
23.Re2 b3 24.Rxe6 Rxe6 25.Qxe6 Qxf4 26.Re1 Qc7 27.cxb3 Kf8 28.Qxd5 Kg7 29.g3 a5
30.Re6 Qc5 31.Qd7 Kf7 32.Re4 Rd8 33.Qe6+ Kf8 34.Re3 Rd1+ 35.Re1 Rd2 36.Re2 Rxb2
37.Rxb2 Qc1+ 38.Kg2 Qxb2 39.Qc8+ Kg7 40.Qe8 Qe5 41.h4 Qd5+ 42.Kh2 Bc5 43.Qe2 Qd4
44.Kg2 f5 45.Kg1 Kf6 46.Qa6+ Qd6 47.Qc4 Qxg3+ 48.Kh1 Qf3+ 49.Kh2 Qxf2+ 50.Kh3 Qf3+
51.Kh2 Bd6+ 52.Kg1 Qg4+  0-1

[Event "Najdorf Mem Open"]
[Site "Warsaw POL"]
[Date "2009.07.23"]
[Round "6"]
[White "Warszawski,B"]
[Black "Marszalek,Mac"]
[Result "1-0"]
[WhiteElo "2293"]
[BlackElo "2395"]

1.e4 c5 2.Nf3 e6 3.d4 cxd4 4.Nxd4 a6 5.Nc3 Qc7 6.Bd3 Nf6 7.Qe2 d6 8.f4 Be7
9.e5 dxe5 10.fxe5 Nfd7 11.Bf4 Qb6 12.Nb3 Nc6 13.O-O-O Qc7 14.Rde1 b5 15.Rhf1 Nb4
16.Be4 Bb7 17.Qg4 g6 18.Bxb7 Qxb7 19.Bg5 Bxg5+ 20.Qxg5 O-O 21.Rf4 Nd5 22.Nxd5 Qxd5
23.Rd4 Qc6 24.Rd6 Qc7 25.Qe7 Ra7 26.Re3 b4 27.Nd4 Qc5 28.Rf3 Qxe5 29.Nc6 Qc5
30.Nxa7 Ne5 31.Rf1 Nc4 32.Rd7 Qe3+ 33.Kb1 Nd2+ 34.Rxd2 Qxd2 35.Qb7 Kg7 36.Qf3  1-0

[Event "zt 3.3"]
[Site "Ho Chi Minh City VIE"]
[Date "2009.07.24"]
[Round "3"]
[White "Nguyen Van Hai"]
[Black "Bui Vinh"]
[Result "0-1"]
[WhiteElo "2249"]
[BlackElo "2517"]

1.e4 c5 2.Nf3 e6 3.d4 cxd4 4.Nxd4 a6 5.Nc3 Ne7 6.Bg5 h6 7.Be3 Nbc6 8.Nxc6 Nxc6
9.Bd3 b5 10.O-O Bb7 11.f4 Rc8 12.Qh5 g6 13.Qh3 Nb4 14.Bd4 Bc5 15.Bxc5 Rxc5
16.Qe3 Nxd3 17.cxd3 Rc8 18.a3 O-O 19.f5 Qg5 20.Qxg5 hxg5 21.f6 Rc5 22.Rf3 d5
23.d4 Rc4 24.exd5 Bxd5 25.Nxd5 exd5 26.Rd1 Re8 27.Rg3 Rc6 28.Rxg5 Rxf6 29.Rxd5 Re2
30.b4 Ra2 31.Rc5 Rxa3 32.d5 Rd6 33.Kf2 Kg7 34.Rd4 Rb3 35.h4 Kf6 36.Rf4+ Ke5
37.Rxf7 Rxb4 38.Ra7 Rxh4 39.Rc6 Ra4 40.Rg7 Rf4+  0-1